000 00449nam a22001697a 4500
003 OSt
008 260505b |||||||| |||| 00| 0 eng d
082 _a633.18
_bA13P
100 _aKalam, Abul
245 _aPerformance of Direct Sown Upland Rice Varieties at Different Fertility Levels under Rainfed Condition
260 _aPusa
_bRAU
_c1978
310 _a73P.
502 _bMsc.
_d1978
650 _aAgronomy
650 _aMsc.
942 _2ddc
_cT
999 _c50414
_d50414